Library Logo

Pioneer International University Library Catalogue

Kivuli cha Sakawa / (Record no. 9320)

MARC details
000 -LEADER
fixed length control field 00461cam a22001697a 4500
005 - DATE AND TIME OF LATEST TRANSACTION
control field 20250901165807.0
008 - FIXED-LENGTH DATA ELEMENTS--GENERAL INFORMATION
fixed length control field 110930s2010 ke a 000 f swa
010 ## - LIBRARY OF CONGRESS CONTROL NUMBER
LC control number 2011348519
020 ## - INTERNATIONAL STANDARD BOOK NUMBER
International Standard Book Number 9781926906003
050 00 - LIBRARY OF CONGRESS CALL NUMBER
Classification number PL 8704 .M38 2010
100 1# - MAIN ENTRY--PERSONAL NAME
Personal name Matundura, Bitugi.
245 10 - TITLE STATEMENT
Title Kivuli cha Sakawa /
Statement of responsibility, etc. Enock Bitugi Matundura.
250 ## - EDITION STATEMENT
Edition statement Toleo la 1.
260 ## - PUBLICATION, DISTRIBUTION, ETC.
Place of publication, distribution, etc. [Nairobi] :
Name of publisher, distributor, etc. Nsemia,
Date of publication, distribution, etc. 2010.
300 ## - PHYSICAL DESCRIPTION
Extent xiv, 94 p. :
Other physical details ill. ;
Dimensions 21 cm.
942 ## - ADDED ENTRY ELEMENTS (KOHA)
Source of classification or shelving scheme Library of Congress Classification
Holdings
Withdrawn status Lost status Source of classification or shelving scheme Damaged status Not for loan Collection Home library Current library Shelving location Date acquired Source of acquisition Total checkouts Full call number Barcode Date last seen Copy number Price effective from Koha item type
    Library of Congress Classification       Main Library Main Library   03/20/2025 Donation from KICD   PL 8704 .M38 2010 PIUD0000209 03/20/2025 1 03/20/2025 Books
    Library of Congress Classification       Main Library Main Library   03/20/2025 Donation from KICD   PL 8704 .M38 2010 PIUD0000512 03/20/2025 2 03/20/2025 Books
    Library of Congress Classification       Main Library Main Library   03/20/2025 Donation from KICD   PL 8704 .M38 2010 PIUD0000513 03/20/2025 3 03/20/2025 Books